| 000 | 00894nam a2200217 i 4500 | ||
|---|---|---|---|
| 001 | 167938 | ||
| 003 | ES-MaACL | ||
| 005 | 20250801144637.0 | ||
| 008 | 050930m18641865xxk | |||||||| ||eng d | ||
| 040 |
_aCAM _bspa _cCAM |
||
| 100 | 1 |
_aWilson, Horace Hayman. _9133940 |
|
| 245 | 1 | 0 |
_aEssays analytical, critical and philological on subjects connected with sanskrit literature / _cby the late H.H. Wilson; collected and edited by Reinhold Rost. |
| 260 |
_aLondon : _bTrübner & co., _c1864-1865 ( _eBerlin : _fUnger Brothers) |
||
| 300 |
_a3 v. (XIII, 392; 400; 390 p.) ; _c23 cm. |
||
| 490 | 1 |
_aWorks by the late Horace Hayman Wilson ; _v3; 4; 5 |
|
| 650 | 7 |
_aLiteratura sánscrita _2embne _9136435 |
|
| 700 | 1 |
_aRost, Reinhold. _9132083 |
|
| 830 | 0 |
_aWorks by the late Horace Hayman Wilson ; _v3; 4; 5 _9188774 |
|
| 852 |
_aES-MaACL _jG-11700-02 _z-- Enc. tela |
||
| 999 |
_c167938 _d167938 |
||